[Event "Mitropa Cup 33rd"]
[Site "Ruzomberok"]
[Date "2014.05.26"]
[Round "4.3"]
[White "Rindlisbacher, Lars"]
[Black "Jurcik, Marian"]
[Result "0-1"]
[WhiteElo "2348"]
[BlackElo "2469"]
[PlyCount "114"]
[EventDate "2014.05.23"]
[EventType "team-tourn"]
[EventRounds "9"]
[EventCountry "SVK"]
[Source "ChessBase"]
[SourceDate "2014.07.01"]
[WhiteTeam "Switzerland"]
[BlackTeam "Slovakia"]
[WhiteTeamCountry "SUI"]
[BlackTeamCountry "SVK"]

1. d4 Nf6 2. c4 b6 3. Nf3 Bb7 4. e3 g6 5. Nc3 Bg7 6. b3 O-O 7. Bb2 d5 8. cxd5
Nxd5 9. Nxd5 Qxd5 10. Qd2 c5 11. Rd1 Rd8 12. Be2 Nc6 13. O-O cxd4 14. exd4 e6
15. Bc4 Qh5 16. d5 Bxb2 17. Qxb2 exd5 18. Bb5 d4 19. Bxc6 Bxc6 20. Nxd4 Bb7 21.
f3 Qc5 22. b4 Qc4 23. Rd2 Rac8 24. Re1 Re8 25. Rxe8+ Rxe8 26. Kf2 Qc7 27. Re2
Rd8 28. Nb5 Qf4 29. Nc3 Qxh2 30. a3 Qh4+ 31. Kf1 Qh1+ 32. Kf2 Qh4+ 33. Kf1 Qc4
34. Ke1 Qd4 35. Kf1 Rc8 36. Nb1 Qxb2 37. Rxb2 h5 38. Kf2 Bd5 39. Ke3 Kg7 40.
Kd4 Rd8 41. Ke3 Rc8 42. Kd4 Rd8 43. Ke3 Kf6 44. Nc3 Bc4 45. Ne4+ Ke5 46. Nf2 g5
47. g3 Rd4 48. Rb1 f5 49. f4+ gxf4+ 50. gxf4+ Rxf4 51. Rh1 h4 52. Rd1 h3 53.
Nxh3 Rg4 54. Ng1 Bd5 55. Ne2 f4+ 56. Kd2 Rg2 57. Ke1 Bf3 0-1

[Event "Mitropa Cup 33rd"]
[Site "Ruzomberok"]
[Date "2014.05.27"]
[Round "5.2"]
[White "Loetscher, Roland"]
[Black "Druska, Juraj"]
[Result "1-0"]
[WhiteElo "2418"]
[BlackElo "2364"]
[PlyCount "115"]
[EventDate "2014.05.23"]
[EventType "team-tourn"]
[EventRounds "9"]
[EventCountry "SVK"]
[Source "ChessBase"]
[SourceDate "2014.07.01"]
[WhiteTeam "Switzerland"]
[BlackTeam "Slovakia II"]
[WhiteTeamCountry "SUI"]
[BlackTeamCountry "SVK"]

1. d4 Nf6 2. c4 e6 3. g3 c5 4. dxc5 Bxc5 5. Bg2 Nc6 6. Nf3 b6 7. O-O Bb7 8. Nc3
O-O 9. a3 Be7 10. b3 d6 11. Bb2 Rc8 12. Rc1 Qc7 13. Nd5 Qd8 14. Nxe7+ Qxe7 15.
Qd3 Rfd8 16. Rfd1 d5 17. cxd5 Rxd5 18. Qb1 Rxd1+ 19. Rxd1 Rd8 20. Ng5 Rxd1+ 21.
Qxd1 h6 22. Ne4 Nxe4 23. Bxe4 f5 24. Bc2 Nb8 25. Qd4 Nd7 26. f3 Nf6 27. Kf2 Qc7
28. Qc3 Qe7 29. Qe5 Kf7 30. Bd3 Bd5 31. b4 Qd7 32. h3 Qc6 33. Qb8 Qd7 34. Be5
Ne8 35. g4 g6 36. Bf4 h5 37. gxh5 gxh5 38. Qe5 Bb3 39. Bg5 Bd5 40. Qh8 Ng7 41.
Qh6 Qc7 42. Qf6+ Kg8 43. Qd8+ Qxd8 44. Bxd8 e5 45. Bc7 e4 46. fxe4 fxe4 47. Ba6
Ne6 48. Bb8 Nd4 49. Bxa7 Nc2 50. Bxb6 Nxa3 51. Bc5 Bc6 52. Ke3 Kf7 53. Bc8 Kf6
54. Kf4 Nb5 55. Bf5 Nc7 56. Bd4+ Ke7 57. Bxe4 Nd5+ 58. Ke5 1-0

[Event "Mitropa Cup 33rd"]
[Site "Ruzomberok"]
[Date "2014.05.31"]
[Round "9.3"]
[White "Petrik, Tomas"]
[Black "Gajek, Radoslaw"]
[Result "0-1"]
[WhiteElo "2511"]
[BlackElo "2315"]
[PlyCount "56"]
[EventDate "2014.05.23"]
[EventType "team-tourn"]
[EventRounds "9"]
[EventCountry "SVK"]
[Source "ChessBase"]
[SourceDate "2014.07.01"]
[WhiteTeam "Slovakia"]
[BlackTeam "Poland"]
[WhiteTeamCountry "SVK"]
[BlackTeamCountry "POL"]

1. d4 Nf6 2. c4 e6 3. g3 c5 4. Nf3 cxd4 5. Nxd4 d5 6. Bg2 e5 7. Nf3 d4 8. O-O
Nc6 9. e3 Be7 10. exd4 exd4 11. Bg5 O-O 12. Nbd2 h6 13. Bxf6 Bxf6 14. Ne4 Bf5
15. Nxf6+ Qxf6 16. Qb3 d3 17. Nh4 Bh7 18. Qxb7 Nd4 19. Qxa8 Rxa8 20. Bxa8 g5
21. Ng2 Nf3+ 22. Kh1 Nd2 23. Rfe1 Nxc4 24. f4 d2 25. Re8+ Kg7 26. Bf3 Bc2 27.
Rf1 Nxb2 28. Rc8 Qa6 0-1

[Event "Mitropa Cup 33rd"]
[Site "Ruzomberok"]
[Date "2014.05.26"]
[Round "4.3"]
[White "Mazur, Stefan"]
[Black "Gloor, Roger"]
[Result "1-0"]
[WhiteElo "2426"]
[BlackElo "2357"]
[PlyCount "71"]
[EventDate "2014.05.23"]
[EventType "team-tourn"]
[EventRounds "9"]
[EventCountry "SVK"]
[Source "ChessBase"]
[SourceDate "2014.07.01"]
[WhiteTeam "Slovakia"]
[BlackTeam "Switzerland"]
[WhiteTeamCountry "SVK"]
[BlackTeamCountry "SUI"]

1. e4 e6 2. d4 d5 3. Nc3 Bb4 4. e5 c5 5. a3 Bxc3+ 6. bxc3 Qc7 7. Nf3 b6 8. Bb5+
Bd7 9. Bd3 Ba4 10. O-O c4 11. Be2 Ne7 12. Bf4 Nbc6 13. Qd2 O-O 14. h4 Qd7 15.
h5 f6 16. h6 fxe5 17. Nxe5 Nxe5 18. Bxe5 g6 19. Bg4 Nf5 20. Rfe1 Rae8 21. Re2
Qe7 22. g3 Rf7 23. Bf4 Qf8 24. Rae1 Bd7 25. Qc1 b5 26. Re5 a5 27. R1e2 b4 28.
axb4 axb4 29. Bxf5 Rxf5 30. cxb4 Rxe5 31. Bxe5 Qf5 32. Qa3 Qh5 33. Qa7 Re7 34.
Qb8+ Be8 35. Bd6 Qxe2 36. Bxe7 1-0

[Event "Mitropa Cup 33rd"]
[Site "Ruzomberok"]
[Date "2014.05.24"]
[Round "2.4"]
[White "Schachinger, Mario"]
[Black "Gloor, Roger"]
[Result "0-1"]
[WhiteElo "2425"]
[BlackElo "2357"]
[PlyCount "104"]
[EventDate "2014.05.23"]
[EventType "team-tourn"]
[EventRounds "9"]
[EventCountry "SVK"]
[Source "ChessBase"]
[SourceDate "2014.07.01"]
[WhiteTeam "Austria"]
[BlackTeam "Switzerland"]
[WhiteTeamCountry "AUT"]
[BlackTeamCountry "SUI"]

1. d4 Nf6 2. c4 e6 3. Nf3 b6 4. g3 Ba6 5. b3 Bb7 6. Bg2 Bb4+ 7. Bd2 a5 8. O-O
O-O 9. Nc3 d6 10. Ne1 Bxg2 11. Nxg2 d5 12. a3 Bxc3 13. Bxc3 a4 14. Bb4 Re8 15.
bxa4 Nc6 16. Rc1 Qd7 17. Nf4 Rec8 18. e3 Na5 19. cxd5 exd5 20. Qe2 c6 21. Bxa5
Rxa5 22. Rb1 Qa7 23. Rfc1 Rxa4 24. Qb5 c5 25. dxc5 bxc5 26. Rxc5 Rf8 27. Rc6
Rxa3 28. Rxf6 gxf6 29. Nxd5 Kg7 30. Rb4 Qa6 31. Rg4+ Kh8 32. Qb4 Ra1+ 33. Kg2
Qf1+ 34. Kf3 Qd1+ 35. Kg2 Qxd5+ 36. e4 Qd8 37. Qc3 Ra6 38. Rh4 Rg8 39. Qc2 Rg7
40. Rh5 Re6 41. Rc5 Rg8 42. Rh5 Re5 43. Rh4 Qe7 44. Qe2 Re8 45. f3 f5 46. Qe3
fxe4 47. f4 Qc5 48. Qb3 Rd5 49. Qa4 Rd2+ 50. Kh3 Qf5+ 51. g4 Qd7 52. Qa1+ Qd4
0-1

[Event "Mitropa Cup 33rd"]
[Site "Ruzomberok"]
[Date "2014.05.29"]
[Round "7.4"]
[White "Gloor, Roger"]
[Black "Berchtenbreiter, Maximilian"]
[Result "0-1"]
[WhiteElo "2357"]
[BlackElo "2409"]
[PlyCount "78"]
[EventDate "2014.05.23"]
[EventType "team-tourn"]
[EventRounds "9"]
[EventCountry "SVK"]
[Source "ChessBase"]
[SourceDate "2014.07.01"]
[WhiteTeam "Switzerland"]
[BlackTeam "Germany"]
[WhiteTeamCountry "SUI"]
[BlackTeamCountry "GER"]

1. Nf3 c5 2. e4 e6 3. d4 cxd4 4. Nxd4 Nf6 5. Nc3 Bb4 6. e5 Nd5 7. Bd2 Nxc3 8.
bxc3 Ba5 9. Qg4 O-O 10. Qg3 f6 11. Bd3 Nc6 12. Nxc6 bxc6 13. exf6 Qxf6 14. O-O
d5 15. Rae1 Rf7 16. Bg5 Qxc3 17. Qh4 h6 18. Bxh6 gxh6 19. Re3 Qf6 20. Rg3+ Kf8
21. Qa4 Bc7 22. Qxc6 Rb8 23. Qc5+ Qe7 24. Qc3 e5 25. Rg6 Rb6 26. f4 d4 27. Qd2
Rxg6 28. Bxg6 Rxf4 29. Re1 Qg5 30. Qb4+ Qe7 31. Qb5 Bb6 32. Bd3 Bd7 33. Qd5 e4
34. Bc4 d3+ 35. Kh1 Qf6 36. Qg8+ Ke7 37. Bxd3 Be6 38. Qh7+ Kf8 39. Bb5 Qg7 0-1

[Event "Mitropa Cup 33rd"]
[Site "Ruzomberok"]
[Date "2014.05.27"]
[Round "5.2"]
[White "Nasuta, Grzegorz"]
[Black "Diermair, Andreas"]
[Result "0-1"]
[WhiteElo "2336"]
[BlackElo "2451"]
[PlyCount "64"]
[EventDate "2014.05.23"]
[EventType "team-tourn"]
[EventRounds "9"]
[EventCountry "SVK"]
[Source "ChessBase"]
[SourceDate "2014.07.01"]
[WhiteTeam "Poland"]
[BlackTeam "Austria"]
[WhiteTeamCountry "POL"]
[BlackTeamCountry "AUT"]

1. e4 e5 2. Nf3 Nc6 3. Bb5 a6 4. Ba4 Nf6 5. O-O Be7 6. Re1 b5 7. Bb3 d6 8. c3
O-O 9. h3 Bb7 10. d4 Re8 11. Ng5 Rf8 12. Nf3 Re8 13. Nbd2 Bf8 14. a3 h6 15. Bc2
Nb8 16. b4 Nbd7 17. Bb2 a5 18. Bd3 c6 19. Qc2 axb4 20. axb4 Qc7 21. Rxa8 Bxa8
22. Rc1 Qb8 23. Ba1 Nh5 24. g3 Nhf6 25. Qb3 Qb7 26. Rb1 d5 27. dxe5 Nxe5 28.
Nxe5 Rxe5 29. Nf3 Re8 30. e5 c5 31. exf6 d4 32. Qd1 Re1+ 0-1

[Event "Mitropa Cup 33rd"]
[Site "Ruzomberok"]
[Date "2014.05.30"]
[Round "8.1"]
[White "Kreisl, Robert"]
[Black "Repka, Christopher"]
[Result "1/2-1/2"]
[WhiteElo "2415"]
[BlackElo "2352"]
[PlyCount "82"]
[EventDate "2014.05.23"]
[EventType "team-tourn"]
[EventRounds "9"]
[EventCountry "SVK"]
[Source "ChessBase"]
[SourceDate "2014.07.01"]
[WhiteTeam "Austria"]
[BlackTeam "Slovakia II"]
[WhiteTeamCountry "AUT"]
[BlackTeamCountry "SVK"]

1. Nf3 Nf6 2. c4 e6 3. g3 b6 4. Bg2 Bb7 5. d4 Be7 6. Nc3 Ne4 7. Bd2 f5 8. d5
Bf6 9. Qc2 O-O 10. Nxe4 fxe4 11. Qxe4 exd5 12. Qc2 Re8 13. O-O Qe7 14. cxd5 Qc5
15. Rac1 Qxc2 16. Rxc2 Bxd5 17. Rxc7 Bc6 18. Ng5 h6 19. Bxc6 Nxc6 20. Nf3 Rxe2
21. Rxd7 Bxb2 22. Rb1 Bd4 23. Rc7 Rf8 24. Bf4 Bxf2+ 25. Kf1 Rxa2 26. Rxc6 g5
27. Nxg5 hxg5 28. Rg6+ Kh7 29. Rxg5 Bd4 30. Rd1 Rd8 31. Be5 Rf8+ 32. Bf4 Rd8
33. Be5 Rf8+ 34. Bf4 Rf2+ 35. Ke1 Re8+ 36. Be5 Be3 37. Rg7+ Kh6 38. Rd6+ Kh5
39. g4+ Kh4 40. Bg3+ Kh3 41. Bxf2 Bc5+ 1/2-1/2

[Event "Mitropa Cup 33rd"]
[Site "Ruzomberok"]
[Date "2014.05.25"]
[Round "3.3"]
[White "Gloor, Roger"]
[Black "Vitoux, Colomban"]
[Result "1-0"]
[WhiteElo "2357"]
[BlackElo "2402"]
[PlyCount "105"]
[EventDate "2014.05.23"]
[EventType "team-tourn"]
[EventRounds "9"]
[EventCountry "SVK"]
[Source "ChessBase"]
[SourceDate "2014.07.01"]
[WhiteTeam "Switzerland"]
[BlackTeam "France"]
[WhiteTeamCountry "SUI"]
[BlackTeamCountry "FRA"]

1. Nf3 Nf6 2. g3 g6 3. Bg2 Bg7 4. O-O O-O 5. c4 c5 6. d4 cxd4 7. Qxd4 Nc6 8.
Qh4 Qa5 9. Bg5 d6 10. Nc3 Be6 11. Nb5 Rfc8 12. Nxd6 exd6 13. Bxf6 Bxf6 14. Qxf6
Bxc4 15. Qh4 Bxe2 16. Ng5 h5 17. Rfe1 Bg4 18. Bxc6 f6 19. b4 Qf5 20. Be4 Qe5
21. Nf3 Qc3 22. Rac1 Qxc1 23. Rxc1 Rxc1+ 24. Kg2 Kg7 25. h3 Rc4 26. hxg4 Rxe4
27. Nd2 Rxb4 28. Qh1 hxg4 29. Qc1 Rf8 30. Qc7+ Rf7 31. Qxd6 Ra4 32. a3 Ra6 33.
Qd3 f5 34. Nc4 Kh7 35. Qd5 Re7 36. Qc5 Rae6 37. a4 b6 38. Qd5 Re4 39. Qc6 R4e6
40. Qd5 Re4 41. Qd8 Rg7 42. Nd6 Rxa4 43. Ne8 Rf7 44. Qh4+ Kg8 45. Qh6 f4 46.
Qxg6+ Kf8 47. Qh6+ Kxe8 48. Qc6+ Kf8 49. Qxa4 f3+ 50. Kf1 Rg7 51. Qf4+ Kg8 52.
Qf5 Kh8 53. Ke1 1-0

[Event "Mitropa Cup 33rd"]
[Site "Ruzomberok"]
[Date "2014.05.29"]
[Round "7.2"]
[White "Nasuta, Grzegorz"]
[Black "Brunner, Nicolas"]
[Result "0-1"]
[WhiteElo "2336"]
[BlackElo "2441"]
[PlyCount "122"]
[EventDate "2014.05.23"]
[EventType "team-tourn"]
[EventRounds "9"]
[EventCountry "SVK"]
[Source "ChessBase"]
[SourceDate "2014.07.01"]
[WhiteTeam "Poland"]
[BlackTeam "France"]
[WhiteTeamCountry "POL"]
[BlackTeamCountry "FRA"]

1. e4 c5 2. Nf3 d6 3. d4 cxd4 4. Nxd4 Nf6 5. Nc3 a6 6. Be3 Ng4 7. Bg5 h6 8. Bh4
g5 9. Bg3 Bg7 10. h3 Ne5 11. Qd2 Nbc6 12. O-O-O Nxd4 13. Qxd4 Be6 14. Nd5 Bxd5
15. exd5 Qa5 16. Kb1 O-O 17. c3 Rac8 18. Bxe5 Bxe5 19. Qd2 Qb6 20. c4 Kg7 21.
Bd3 Bf6 22. g4 Qd4 23. h4 Rh8 24. Rde1 Rxc4 25. Re4 Qxd5 26. hxg5 Bxg5 27. Qe2
Rxe4 28. Qxe4 Qxe4 29. Bxe4 b6 30. Rh3 e6 31. Rc3 h5 32. gxh5 Rxh5 33. Bb7 a5
34. Rc6 Rh1+ 35. Kc2 Rc1+ 36. Kb3 Rxc6 37. Bxc6 Bh4 38. f3 Kf6 39. Kc3 Ke7 40.
Kd3 d5 41. b3 Kd6 42. Bb7 Kc7 43. Ba8 Bg5 44. Ke2 b5 45. Kd3 Kb6 46. Kd4 Bf4
47. Kd3 Bg5 48. Kd4 Bf6+ 49. Kd3 Be5 50. Kd2 Bb2 51. Kd3 Ba1 52. Kd2 Kc5 53.
Bb7 Kd4 54. Bc6 b4 55. Be8 f6 56. Bd7 e5 57. Bc6 Bb2 58. Bb7 e4 59. Ke2 Bc1 60.
Bc6 Bg5 61. Bb7 Ke5 0-1

[Event "Mitropa Cup 33rd"]
[Site "Ruzomberok"]
[Date "2014.05.26"]
[Round "4.2"]
[White "Svane, Rasmus"]
[Black "Nayhebaver, Martin"]
[Result "1/2-1/2"]
[WhiteElo "2490"]
[BlackElo "2309"]
[PlyCount "96"]
[EventDate "2014.05.23"]
[EventType "team-tourn"]
[EventRounds "9"]
[EventCountry "SVK"]
[Source "ChessBase"]
[SourceDate "2014.07.01"]
[WhiteTeam "Germany"]
[BlackTeam "Slovakia II"]
[WhiteTeamCountry "GER"]
[BlackTeamCountry "SVK"]

1. d4 Nf6 2. c4 e6 3. Nc3 Bb4 4. Qc2 c5 5. dxc5 O-O 6. Nf3 Bxc5 7. Bf4 Nc6 8.
e3 b6 9. Be2 Bb7 10. O-O Rc8 11. Rad1 Be7 12. Qb1 Nh5 13. Bd6 Bxd6 14. Rxd6 Qe7
15. Rfd1 Rfd8 16. b3 Nf6 17. Qb2 Ne8 18. R6d2 d6 19. Qa3 Rd7 20. Nb5 Rcd8 21.
Nbd4 Nxd4 22. Rxd4 e5 23. R4d2 Bc6 24. Ne1 Qe6 25. Bf3 Bxf3 26. Nxf3 Nf6 27. h3
h6 28. Qb4 Ne4 29. Rd5 Nf6 30. R5d3 d5 31. cxd5 Rxd5 32. Rxd5 Rxd5 33. Rxd5
Qxd5 34. Qe7 Nd7 35. Qe8+ Kh7 36. e4 Qe6 37. Qxe6 fxe6 38. Kf1 Kg6 39. Ke2 Kf6
40. b4 b5 41. Kd3 Ke7 42. g3 Kd6 43. Nh4 Nb8 44. Ng6 Nc6 45. a3 Ne7 46. Nh8 Nc6
47. h4 Ke7 48. h5 Kf6 1/2-1/2

[Event "Mitropa Cup 33rd"]
[Site "Ruzomberok"]
[Date "2014.05.25"]
[Round "3.3"]
[White "Barbot, Pierre"]
[Black "Rindlisbacher, Lars"]
[Result "1-0"]
[WhiteElo "2413"]
[BlackElo "2348"]
[PlyCount "107"]
[EventDate "2014.05.23"]
[EventType "team-tourn"]
[EventRounds "9"]
[EventCountry "SVK"]
[Source "ChessBase"]
[SourceDate "2014.07.01"]
[WhiteTeam "France"]
[BlackTeam "Switzerland"]
[WhiteTeamCountry "FRA"]
[BlackTeamCountry "SUI"]

1. d4 Nf6 2. Nf3 e6 3. c4 d5 4. Nc3 Bb4 5. Qb3 c5 6. dxc5 Nc6 7. Bg5 h6 8. Bxf6
Qxf6 9. e3 dxc4 10. Qxc4 Bxc3+ 11. Qxc3 Qxc3+ 12. bxc3 Bd7 13. Rb1 Rb8 14. Bb5
Ke7 15. Ke2 Rhc8 16. Nd4 a6 17. Bxc6 Bxc6 18. Rb4 Bd5 19. c4 Bxg2 20. Rhb1 Be4
21. R1b2 Rxc5 22. f3 Bg6 23. e4 Kd6 24. Ke3 Kc7 25. Ne2 f6 26. Nd4 Bf7 27. Nb3
Rg5 28. Nc1 a5 29. Rb6 Rc5 30. Kd4 Rc6 31. Rxc6+ Kxc6 32. Nb3 Rd8+ 33. Kc3 b6
34. Nd4+ Kb7 35. c5 Rc8 36. Rxb6+ Kc7 37. Ra6 e5 38. Nb3 Bh5 39. Nd2 Rb8 40.
Rxa5 Kc6 41. a4 Rb7 42. Ra6+ Kc7 43. Re6 Kd8 44. Rb6 Ra7 45. Kb4 Rd7 46. Rd6
Kc7 47. Rxd7+ Kxd7 48. a5 Kc7 49. a6 g5 50. Nc4 Be8 51. Na5 Kb8 52. c6 Ka7 53.
Kc5 Kxa6 54. Kd6 1-0

[Event "Mitropa Cup 33rd"]
[Site "Ruzomberok"]
[Date "2014.05.30"]
[Round "8.2"]
[White "Hug, Werner"]
[Black "Gajek, Radoslaw"]
[Result "1-0"]
[WhiteElo "2474"]
[BlackElo "2315"]
[PlyCount "99"]
[EventDate "2014.05.23"]
[EventType "team-tourn"]
[EventRounds "9"]
[EventCountry "SVK"]
[Source "ChessBase"]
[SourceDate "2014.07.01"]
[WhiteTeam "Switzerland"]
[BlackTeam "Poland"]
[WhiteTeamCountry "SUI"]
[BlackTeamCountry "POL"]

1. d4 Nf6 2. Nf3 e6 3. Bg5 h6 4. Bh4 b6 5. e3 Bb7 6. Nbd2 Be7 7. c3 O-O 8. Bd3
c5 9. O-O Nc6 10. Qe2 cxd4 11. Bxf6 Bxf6 12. exd4 Re8 13. Ne4 Be7 14. Rad1 a6
15. Rfe1 d5 16. Ng3 Bd6 17. Bc2 f5 18. Rd3 f4 19. Nf1 a5 20. Rd2 Qf6 21. Ba4
Re7 22. h3 h5 23. h4 g6 24. N1h2 Nd8 25. Ng5 e5 26. dxe5 Rxe5 27. Qd1 Nf7 28.
Nhf3 Rxe1+ 29. Qxe1 Nxg5 30. Nxg5 Bc5 31. Re2 Rf8 32. Bd7 Qg7 33. Bh3 f3 34.
Nxf3 Ba6 35. Re5 Kh8 36. Rxd5 a4 37. Nd4 Bc4 38. Rd7 Qf6 39. Qe3 Rf7 40. a3
Rxd7 41. Bxd7 Kh7 42. Qe4 Qd6 43. Bxa4 Bd5 44. Qe3 Qf6 45. b4 Bd6 46. g3 Be5
47. Bc2 Bxd4 48. cxd4 Qc6 49. Bd1 b5 50. Be2 1-0

[Event "Mitropa Cup 33rd"]
[Site "Ruzomberok"]
[Date "2014.05.23"]
[Round "1.5"]
[White "Jurcik, Marian"]
[Black "Nayhebaver, Martin"]
[Result "1/2-1/2"]
[WhiteElo "2469"]
[BlackElo "2309"]
[PlyCount "64"]
[EventDate "2014.05.23"]
[EventType "team-tourn"]
[EventRounds "9"]
[EventCountry "SVK"]
[Source "ChessBase"]
[SourceDate "2014.07.01"]
[WhiteTeam "Slovakia"]
[BlackTeam "Slovakia II"]
[WhiteTeamCountry "SVK"]
[BlackTeamCountry "SVK"]

1. e4 c5 2. Nf3 d6 3. d4 cxd4 4. Nxd4 Nf6 5. Nc3 a6 6. h3 e6 7. g4 d5 8. exd5
Nxd5 9. Nde2 Bb4 10. Bg2 O-O 11. O-O Nxc3 12. bxc3 Bc5 13. Qxd8 Rxd8 14. Rb1
Nc6 15. Ng3 f6 16. Ne4 Be7 17. Be3 f5 18. Nd2 fxg4 19. hxg4 Ne5 20. f3 b5 21.
c4 b4 22. c5 a5 23. Ne4 Bb7 24. Bg5 Bxg5 25. Nxg5 Bd5 26. Rbe1 Nd7 27. Nxe6
Bxe6 28. Rxe6 Nxc5 29. Re5 Nd7 30. Rb5 Rdc8 31. f4 Ra7 32. Rf2 Rc5 1/2-1/2

[Event "Mitropa Cup 33rd"]
[Site "Ruzomberok"]
[Date "2014.05.30"]
[Round "8.3"]
[White "Froewis, Georg"]
[Black "Nayhebaver, Martin"]
[Result "1-0"]
[WhiteElo "2438"]
[BlackElo "2309"]
[PlyCount "81"]
[EventDate "2014.05.23"]
[EventType "team-tourn"]
[EventRounds "9"]
[EventCountry "SVK"]
[Source "ChessBase"]
[SourceDate "2014.07.01"]
[WhiteTeam "Austria"]
[BlackTeam "Slovakia II"]
[WhiteTeamCountry "AUT"]
[BlackTeamCountry "SVK"]

1. Nf3 Nf6 2. g3 g6 3. b3 Bg7 4. Bb2 O-O 5. Bg2 d6 6. d4 a6 7. O-O Nc6 8. c4
Rb8 9. d5 Na5 10. Qe1 c5 11. Bc3 b6 12. e4 e6 13. e5 Ne8 14. dxe6 Bxe6 15. exd6
Qxd6 16. Bxg7 Kxg7 17. Nc3 Nf6 18. Rd1 Qc7 19. Qd2 Rbd8 20. Qb2 Kg8 21. Ng5 Bf5
22. Nd5 Nxd5 23. Bxd5 h6 24. Nf3 Bg4 25. Ne5 Bf5 26. g4 Rxd5 27. cxd5 Bc8 28.
d6 Qd8 29. Qd2 Kg7 30. Qf4 Be6 31. Rfe1 Nb7 32. h3 Qc8 33. d7 Qb8 34. Qg3 Rd8
35. Qc3 Qc7 36. Nc6+ Kg8 37. Nxd8 Nxd8 38. Qe5 Qb7 39. Qf6 Qc7 40. Rd3 b5 41.
Rxe6 1-0

[Event "Mitropa Cup 33rd"]
[Site "Ruzomberok"]
[Date "2014.05.25"]
[Round "3.1"]
[White "Jarmula, Lukasz"]
[Black "Szabo, Krisztian"]
[Result "1-0"]
[WhiteElo "2256"]
[BlackElo "2543"]
[PlyCount "69"]
[EventDate "2014.05.23"]
[EventType "team-tourn"]
[EventRounds "9"]
[EventCountry "SVK"]
[Source "ChessBase"]
[SourceDate "2014.07.01"]
[WhiteTeam "Poland"]
[BlackTeam "Hungary"]
[WhiteTeamCountry "POL"]
[BlackTeamCountry "HUN"]

1. d4 Nf6 2. c4 g6 3. Nc3 Bg7 4. e4 d6 5. Be2 O-O 6. Nf3 e5 7. O-O Nc6 8. d5
Ne7 9. b4 Ne8 10. a4 f5 11. Ng5 Nf6 12. f3 h6 13. Ne6 Bxe6 14. dxe6 c6 15. a5
Qc7 16. Qb3 Rfd8 17. Rd1 Qc8 18. c5 d5 19. exd5 Nfxd5 20. Nxd5 cxd5 21. a6 Kh7
22. Bb5 Rb8 23. Bd7 Qc7 24. Bb2 d4 25. axb7 Rxb7 26. Qc4 Rxd7 27. exd7 Qxd7 28.
f4 exf4 29. Bxd4 Nc6 30. Bxg7 Qxg7 31. b5 Ne5 32. Qd5 Rxb5 33. Rab1 a6 34. Rxb5
axb5 35. c6 1-0

[Event "Mitropa Cup 33rd"]
[Site "Ruzomberok"]
[Date "2014.05.26"]
[Round "4.1"]
[White "Gajek, Radoslaw"]
[Black "Biolek, Richard Jr"]
[Result "1/2-1/2"]
[WhiteElo "2315"]
[BlackElo "2418"]
[PlyCount "28"]
[EventDate "2014.05.23"]
[EventType "team-tourn"]
[EventRounds "9"]
[EventCountry "SVK"]
[Source "ChessBase"]
[SourceDate "2014.07.01"]
[WhiteTeam "Poland"]
[BlackTeam "Czech Republic"]
[WhiteTeamCountry "POL"]
[BlackTeamCountry "CZE"]

1. e4 e5 2. Nf3 Nc6 3. Bb5 a6 4. Bxc6 dxc6 5. O-O Bg4 6. h3 h5 7. d3 Qf6 8.
Nbd2 g5 9. Nc4 Qg7 10. hxg4 hxg4 11. Nxg5 Qh6 12. Nh3 Qe6 13. Ng5 Qh6 14. Nh3
Qe6 1/2-1/2

[Event "Mitropa Cup 33rd"]
[Site "Ruzomberok"]
[Date "2014.05.29"]
[Round "7.3"]
[White "Barbot, Pierre"]
[Black "Gajek, Radoslaw"]
[Result "1/2-1/2"]
[WhiteElo "2413"]
[BlackElo "2315"]
[PlyCount "72"]
[EventDate "2014.05.23"]
[EventType "team-tourn"]
[EventRounds "9"]
[EventCountry "SVK"]
[Source "ChessBase"]
[SourceDate "2014.07.01"]
[WhiteTeam "France"]
[BlackTeam "Poland"]
[WhiteTeamCountry "FRA"]
[BlackTeamCountry "POL"]

1. Nf3 c5 2. c4 Nc6 3. Nc3 g6 4. e3 Nf6 5. d4 cxd4 6. exd4 d5 7. cxd5 Nxd5 8.
Qb3 e6 9. Bc4 Na5 10. Bb5+ Bd7 11. Qa4 a6 12. Bxd7+ Qxd7 13. Qxd7+ Kxd7 14.
Ne5+ Ke8 15. Nxd5 exd5 16. Bd2 Nc4 17. b3 Nxe5 18. dxe5 Kd7 19. Bc3 Ke6 20. Ke2
Rc8 21. Kd3 Ba3 22. Rab1 Bc5 23. f4 Be3 24. g3 d4 25. Bxd4 Bxd4 26. Kxd4 Rc2
27. Rbc1 Rd8+ 28. Ke3 Rxa2 29. Rhd1 Rxd1 30. Rxd1 b5 31. Rd6+ Ke7 32. Ke4 Rxh2
33. Rxa6 Rb2 34. Ra7+ Ke8 35. Ra8+ Ke7 36. Ra7+ Ke8 1/2-1/2

[Event "Mitropa Cup 33rd"]
[Site "Ruzomberok"]
[Date "2014.05.25"]
[Round "3.5"]
[White "Nayhebaver, Martin"]
[Black "Biolek, Richard Jr"]
[Result "1-0"]
[WhiteElo "2309"]
[BlackElo "2418"]
[PlyCount "83"]
[EventDate "2014.05.23"]
[EventType "team-tourn"]
[EventRounds "9"]
[EventCountry "SVK"]
[Source "ChessBase"]
[SourceDate "2014.07.01"]
[WhiteTeam "Slovakia II"]
[BlackTeam "Czech Republic"]
[WhiteTeamCountry "SVK"]
[BlackTeamCountry "CZE"]

1. e4 e5 2. Nf3 d6 3. d4 exd4 4. Nxd4 Nf6 5. Nc3 Be7 6. Be2 O-O 7. O-O Re8 8.
f4 Bf8 9. Bf3 c5 10. Nb3 Nc6 11. Be3 Bd7 12. Re1 a5 13. a4 Nb4 14. Bf2 Bc6 15.
Qd2 Qb6 16. Rad1 Rad8 17. Qc1 d5 18. e5 Ne4 19. Bxe4 dxe4 20. Nd2 Nd5 21. Ndxe4
Nxc3 22. Nxc3 Qb4 23. Be3 Bxa4 24. Nxa4 Qxa4 25. Rd2 Qe4 26. Rf2 Qc6 27. c4 Rd3
28. Bd2 b6 29. f5 Rd4 30. Rfe2 Qa4 31. Bc3 Rxc4 32. e6 fxe6 33. fxe6 Be7 34.
Qd2 Rd8 35. Qe3 Rg4 36. Qf3 Qf4 37. Qb7 Bd6 38. g3 Rf8 39. e7 Re8 40. Qd7 Rxe7
41. Qc8+ Kf7 42. Rxe7+ 1-0

[Event "Mitropa Cup 33rd"]
[Site "Ruzomberok"]
[Date "2014.05.24"]
[Round "2.1"]
[White "Druska, Juraj"]
[Black "Nasuta, Grzegorz"]
[Result "0-1"]
[WhiteElo "2364"]
[BlackElo "2336"]
[PlyCount "106"]
[EventDate "2014.05.23"]
[EventType "team-tourn"]
[EventRounds "9"]
[EventCountry "SVK"]
[Source "ChessBase"]
[SourceDate "2014.07.01"]
[WhiteTeam "Slovakia II"]
[BlackTeam "Poland"]
[WhiteTeamCountry "SVK"]
[BlackTeamCountry "POL"]

1. e4 c5 2. Nf3 d6 3. d4 cxd4 4. Nxd4 Nf6 5. Nc3 a6 6. f4 e6 7. Qf3 Qb6 8. a3
Nc6 9. Nxc6 Qxc6 10. Bd3 b5 11. O-O Bb7 12. f5 e5 13. Bg5 Be7 14. Kh1 Qc7 15.
a4 bxa4 16. Rxa4 O-O 17. Rfa1 Qb6 18. Be3 Qc7 19. Bxa6 Bc6 20. R4a2 Nxe4 21.
Nxe4 d5 22. Ng5 h6 23. Qg4 d4 24. Nxf7 Rxf7 25. Bc4 Rxa2 26. Bxa2 dxe3 27. Qc4
Bf8 28. Bb3 Qb7 29. Kg1 Be8 30. Qe6 e2 31. Qxe5 Qb6+ 32. Kh1 Qf2 33. Bc4 Kh7
34. Qxe8 Re7 35. Qg6+ Kh8 36. Bxe2 Rxe2 37. h3 Re1+ 38. Rxe1 Qxe1+ 39. Kh2 Qe5+
40. Qg3 Qxb2 41. Qd3 Qe5+ 42. g3 Bd6 43. Kg2 Kg8 44. h4 Kf7 45. Qc4+ Kf6 46. g4
Qg3+ 47. Kf1 Qf4+ 48. Qxf4 Bxf4 49. Kf2 Bd6 50. Kf3 Ke5 51. c3 Be7 52. Kg3 Ke4
53. c4 Kd4 0-1